| 000 | 01101nam0a22003611 4500 | ||
|---|---|---|---|
| 001 | v19\rc\1289330 | ||
| 005 | 20250618013544.0 | ||
| 035 | _a(NLR Aleph) 004437424 | ||
| 090 |
_a4354085 _c4354085 |
||
| 100 | _a20060306d1854 |||y0rusy50 ca | ||
| 101 | 0 | _arus | |
| 102 | _aRU | ||
| 105 | _ay z ||||| | ||
| 200 | 1 |
_aНародные южнорусские песни _fИзд. Амвросия Метлинского |
|
| 210 |
_aКиев _cУнив. тип. _d1854 |
||
| 215 |
_aXX, 472, VI с. _d22 |
||
| 700 | 1 |
_4650 _7ca _8rus _aМетлинский _bА. Л. _f1814-1870 _gАмвросий Лукьянович _9248154 _3RU\NLR\AUTH\770248210 |
|
| 801 | 0 |
_aRU _bNLR _gpsbo |
|
| 801 | 0 |
_aRU _bRuMoRGB _2psbo |
|
| 801 | 1 |
_aRU _bProSoft-M _2rusmarc |
|
| 852 |
_aNLR _j38.77.8.231 |
||
| 852 |
_aNLR _j130/5335 |
||
| 852 |
_aNLR _bМф _jК1/24402 |
||
| 899 |
_aRuMoRGB _jB 6/93 |
||
| 899 |
_aRuMoRGB _jF 20/96 |
||
| 899 |
_aRuMoRGB _jM 65/114 |
||
| 899 |
_aRuMoRGB _jФ 10-82/1109 |
||
| 899 | _aБАН | ||
| 899 | _aГПИБ | ||
| 899 | _aНБ МГУ | ||
| 942 | _cBOOK | ||
| 980 | _aNB | ||